Farmland market (Record no. 117786)

MARC details
000 -LEADER
fixed length control field 01125cam a2200229 4500
001 - CONTROL NUMBER
control field WB@3612-814
008 - FIXED-LENGTH DATA ELEMENTS--GENERAL INFORMATION
fixed length control field 040728n2004 000 0 eng u
035 ## - SYSTEM CONTROL NUMBER
System control number (Sirsi) u126962
245 ## - TITLE STATEMENT
Title Farmland market
260 ## - PUBLICATION, DISTRIBUTION, ETC.
Date of publication, distribution, etc. 2004
490 ## - SERIES STATEMENT
Series statement FPD Savills Research
Volume/sequential designation (04-04) July 2004 (6)
520 ## - SUMMARY, ETC.
Summary, etc. According to the latest FPDSavills "Review of farmland market - 1st half 2004", farmland values continued to increase, by almost 10%. However, the number of acres marketed across Great Britain remained limited with 25% fewer acres marketed compared with 2003. Figures also show that less than 50 000 acres were put up for sale - this is 52% less than the average recorded during the three years leading up to 2001. See the website for the full report. http://www.fpdsavills.co.uk/research.asp?content=% 5Cuber%5Fresearch%5C4762%2Ehtm&subcategory=none&co ntenttype=research&category=Rural
590 ## - LOCAL NOTE (RLIN)
Local note WB
590 ## - LOCAL NOTE (RLIN)
Local note WB
650 ## - SUBJECT ADDED ENTRY--TOPICAL TERM
Topical term or geographic name entry element RURAL AREAS
650 ## - SUBJECT ADDED ENTRY--TOPICAL TERM
Topical term or geographic name entry element RURAL DEVELOPMENT
650 ## - SUBJECT ADDED ENTRY--TOPICAL TERM
Topical term or geographic name entry element FARMLAND MARKET
650 ## - SUBJECT ADDED ENTRY--TOPICAL TERM
Topical term or geographic name entry element FARMLAND SALES
650 ## - SUBJECT ADDED ENTRY--TOPICAL TERM
Topical term or geographic name entry element FARMLAND PRICES
690 ## - LOCAL SUBJECT ADDED ENTRY--TOPICAL TERM (OCLC, RLIN)
Topical term or geographic name as entry element RURAL-MARKET
942 ## - ADDED ENTRY ELEMENTS (KOHA)
Suppress in OPAC 0
Holdings
Withdrawn status Lost status Source of classification or shelving scheme Damaged status Not for loan Home library Current library Shelving location Date acquired Total Checkouts Full call number Barcode Date last seen Copy number Price effective from Koha item type
    Dewey Decimal Classification     London London News article 28/07/2004   WB4029-16 126962-1001 06/08/2019 1 06/08/2019 News article